Primary procutivity of the biosphere (Record no. 26534)

MARC details
000 -LEADER
fixed length control field 00440nam a2200157Ia 4500
082 ## - DEWEY DECIMAL CLASSIFICATION NUMBER
Classification number 581.5
Item number ECO
100 ## - MAIN ENTRY--AUTHOR NAME
Personal name LIETH, Helmut
245 #0 - TITLE STATEMENT
Title Primary procutivity of the biosphere
260 ## - PUBLICATION, DISTRIBUTION, ETC. (IMPRINT)
Place of publication New York
Name of publisher Springer Verlag
Year of publication 1975
490 ## - SERIES STATEMENT
Series statement Ecological studies 14
650 ## - SUBJECT ADDED ENTRY--TOPICAL TERM
Topical Term Marine ecosystem
650 ## - SUBJECT ADDED ENTRY--TOPICAL TERM
Topical Term Tropcial terrestrial ecosystem
700 ## - ADDED ENTRY--PERSONAL NAME
Personal name WHITTAKER, Robert H
942 ## - ADDED ENTRY ELEMENTS (KOHA)
Koha item type Books
Holdings
Withdrawn status Lost status Damaged status Not for loan Home library Current library Date acquired Full call number Accession Number Koha item type
        RRII Library RRII Library 16/12/2021 581.5 ECO 07167 Books